|
|
|
|
| LEADER |
00000nab a2200000 ar4500 |
| 001 |
vtls010101906 |
| 003 |
SK-MaSNL |
| 005 |
20260303081507.0 |
| 008 |
100602c2010 xo ||||||||||||00 b|slo |
| 015 |
|
|
|a SNBRB2010/06
|2 snkbucl
|
| 038 |
|
|
|a SNKBUCL
|
| 040 |
|
|
|a SNKBUCL
|b slo
|c SNKBUCL
|e AACR2
|
| 041 |
0 |
|
|a cze
|
| 044 |
|
|
|a xo
|c SK
|
| 080 |
|
|
|a 796.894.093.1
|x (437.1/.2)
|2 2001
|
| 100 |
1 |
|
|a Dryák, Zdeněk
|4 aut
|9 430675
|
| 245 |
1 |
0 |
|a Mistrovství Čech mužů a žen SKFČR 2010
|c Zdeněk Dryák
|
| 300 |
|
|
|b Fotogr.
|
| 611 |
2 |
7 |
|a Majstrovstvá Čiech mužov a žien
|d (2010 :
|c Hrádek nad Nisou, Česko)
|2 snkbucl
|9 1084788
|
| 650 |
0 |
7 |
|a kulturistika
|2 snkbucl
|9 3254
|
| 773 |
0 |
|
|t Muscle a fitness
|g Roč. XX, č. 6 (2010), s. 99-100
|x 1335-7867
|
| 852 |
|
|
|a SNK
|b KIS3GCP
|
| 999 |
|
|
|c 1784939
|d 1786869
|